000
00277nam a2200121Ia 4500
008
231129s1977||||xx |||||||||||||| ||spa||
040
_b
spa
082
_a
Co863 C965cu
245
0
_a
Cuentos Colombianos
260
_c
1977
264
_a
Fondo Cultural Cafetero
942
_2
ddc
_c
BKS
999
_c
8439
_d
8439